University Home | Library Home | Institutional Repository

An atlas of representative stellar spectra. (Record no. 131524)

MARC details
000 -LEADER
fixed length control field 00475cam6a220018100 4500
001 - CONTROL NUMBER
control field tmp15938709
003 - CONTROL NUMBER IDENTIFIER
control field UPRA
005 - DATE AND TIME OF LATEST TRANSACTION
control field 20190822105815.0
008 - FIXED-LENGTH DATA ELEMENTS--GENERAL INFORMATION
fixed length control field 951114s1977 xx eng u
035 ## - SYSTEM CONTROL NUMBER
System control number (Sirsi) r50714
035 ## - SYSTEM CONTROL NUMBER
System control number (UPRA)tmp15938709
040 ## - CATALOGING SOURCE
Transcribing agency UPRA
100 1# - MAIN ENTRY--PERSONAL NAME
Personal name Yamashita, Yasumasa.
Linkage A8576.1
245 13 - TITLE STATEMENT
Title An atlas of representative stellar spectra.
260 ## - PUBLICATION, DISTRIBUTION, ETC.
Date of publication, distribution, etc. 1977.
949 ## - LOCAL PROCESSING INFORMATION (OCLC)
a QB871
w lcc
i -64162
m MAIN
p 1500
t BOOK
l ON-SHELF

No items available.

© 2026 - The University of Zambia Library - Koha v25.11